000
00303nam a2200121Ia 4500
008
190216s9999||||xx |||||||||||||| ||und||
100
_a
Surya Narayana Iyer S And Santiagoa
245
0
_a
Text Book Of Algebra
260
_b
Mir Pubs Moscow
_c
1968
300
_a
408p
650
_a
Mathematics
942
_c
BK
999
_c
30566
_d
30566